| 000 | 00454nam a2200181Ia 4500 | ||
|---|---|---|---|
| 001 | 8243 | ||
| 005 | 20260306160554.0 | ||
| 008 | 260306t2005||||xx |||||||||||||| ||spa|| | ||
| 041 | _aESP | ||
| 082 |
_a370.15 _bV64 |
||
| 100 |
_aVigotski, Liev Semiónovich [1896-1936] _eAUT |
||
| 245 | 0 |
_aPsicología pedagogía: _bun curso breve |
|
| 260 | _c2005 | ||
| 300 |
_a504 páginas : _c23 cm. |
||
| 650 | _aGEN | ||
| 654 | _aCED | ||
| 942 |
_cLIB _dJUS _fJUS _2ddc _n |
||
| 999 |
_c8243 _d8243 |
||